| 000 | 00520nam a2200169 a 4500 | ||
|---|---|---|---|
| 001 | 000014724 | ||
| 005 | 20200929163907.0 | ||
| 008 | 100119s2005 dr a 001 0 spa d | ||
| 040 |
_aDO-SdBNP _bspa _cBNPHU |
||
| 082 |
_axxx _bB352e |
||
| 100 | 1 |
_aBautista Cornelio, Juan, _d1956- _933382 |
|
| 245 | 1 | 0 |
_aEntre el amor y el olvido / _cJuan Bautista Cornelio. |
| 260 |
_aSanto Domingo : _bCosalup, _c2005. |
||
| 300 |
_a44 p. : _bil. |
||
| 500 | _aIncluye datos biográficos del autor en la contracubierta | ||
| 049 | _aBNPD | ||
| 999 |
_c14307 _d14307 |
||